|
|
|
|
| LEADER |
01035nam a22002894a 4500 |
| 001 |
29577 |
| 003 |
BD-DhAAL |
| 005 |
20150808122437.0 |
| 008 |
150808s2002 cau 001 0 eng |
| 010 |
|
|
|a 2002009141
|
| 020 |
|
|
|a 0787963925 (alk. paper)
|
| 040 |
|
|
|a DLC
|c DLC
|d DLC
|d BD-DhAAL
|
| 050 |
0 |
0 |
|a HD57.7
|b .H47 2002
|
| 082 |
0 |
0 |
|a 658.4/092
|2 21
|
| 100 |
1 |
|
|a Hesselbein, Frances.
|9 7522
|
| 245 |
1 |
0 |
|a Hesselbein on leadership /
|c Frances Hesselbein ; foreword by Jim Collins.
|
| 250 |
|
|
|a 1st ed.
|
| 260 |
|
|
|a San Francisco :
|b Jossey-Bass,
|c c2002.
|
| 300 |
|
|
|a xx, 152 p. ;
|c 23 cm.
|
| 500 |
|
|
|a Includes index.
|
| 541 |
|
|
|e 29577
|
| 650 |
|
0 |
|a Leadership.
|9 13561
|
| 650 |
|
0 |
|a Organizational change.
|9 13562
|
| 650 |
|
0 |
|a Management.
|9 13563
|
| 942 |
|
|
|2 ddc
|c BK
|
| 999 |
|
|
|c 35164
|d 35164
|
| 952 |
|
|
|0 0
|1 0
|2 ddc
|4 0
|6 658_409200000000000_HES
|7 0
|9 55132
|a BRACUL
|b BRACUL
|c GEN
|d 2015-08-08
|e BRAC Institute of Langugae
|l 1
|m 6
|o 658.4092 HES
|p 3010029577
|r 2022-09-26
|s 2022-08-31
|t 1
|w 2015-08-08
|y BK
|x Transferred from BIL to BRACUL on 06/06/22
|